Jean Ferrat - En groupe en ligue en procession - Statistiques

Statistiques générales
  • Ce quiz a été pris 14 fois
  • Le résultat moyen est 181 sur 266
Statistiques - réponses
Réponse % Correct
de
100%
De
100%
En
100%
en
100%
le
100%
Le
100%
leur
100%
ligue
100%
procession
100%
que
100%
qui
100%
se
100%
A
91%
à
91%
a
91%
Au
91%
Avec
91%
avec
91%
ce
91%
des
91%
Dès
91%
Des
91%
et
91%
Et
91%
groupe
91%
Il
91%
je
91%
Je
91%
La
91%
la
91%
leurs
91%
Leurs
91%
me
91%
ceux
82%
con
82%
confesse
82%
est
82%
Les
82%
les
82%
manifestent
82%
ou
82%
par
82%
suis
82%
Une
82%
une
82%
veston
82%
aux
73%
ces
73%
fins
73%
mois
73%
On
73%
on
73%
sonnent
73%
temps
73%
tout
73%
c'est
64%
C'est
64%
cheval
64%
claires
64%
creux
64%
dans
64%
D'autres
64%
D'en
64%
durs
64%
faire
64%
gros
64%
gueule
64%
l'occasion
64%
petits
64%
plein
64%
plus
64%
seul
64%
slip
64%
tous
64%
travers
64%
trouvent
64%
voiture
64%
autres
55%
avoir
55%
calamiteux
55%
cas
55%
cul
55%
être
55%
fait
55%
gueules
55%
jamais
55%
justice
55%
l'on
55%
n'ai
55%
peut
55%
pied
55%
puis
55%
Quand
55%
qu'on
55%
Qu'on
55%
reste
55%
Sans
55%
sans
55%
Si
55%
teint
55%
vices
55%
battre
45%
casser
45%
continuerai
45%
d'amoraliste
45%
défaitistes
45%
elle
45%
l'air
45%
l'arrière
45%
libertés
45%
Marie-Jésus
45%
Nation
45%
nom
45%
Qu'en
45%
révolutions
45%
sorte
45%
taire
45%
uns
45%
vraiment
45%
ans
36%
bannière
36%
bâtons
36%
complet
36%
consolation
36%
Depuis
36%
Déroulède
36%
deux
36%
dire
36%
générations
36%
grèves
36%
guerres
36%
J'en
36%
m'arrive
36%
non
36%
nos
36%
ont
36%
parole
36%
pèlerines
36%
penser
36%
Perdant
36%
preuve
36%
quatre
36%
qu'une
36%
rater
36%
rond
36%
satisfaction
36%
bête
27%
cents
27%
Charonne
27%
colonialistes
27%
compagnons
27%
défiler
27%
dit
27%
donne
27%
d'un
27%
ferai
27%
fossoyeur
27%
j'ai
27%
L'empêcheur
27%
l'intelligence
27%
lui
27%
parachutiste
27%
petite
27%
pose
27%
question
27%
rémission
27%
S'il
27%
tuer
27%
vient
27%
Vingt
27%
voix
27%
vu
27%
affaires
18%
commis
18%
fautes
18%
Pareil
18%
raison
18%
souvent
18%
tort
18%
Aucun quiz correspondant
Distribution des résultats
% des personnes avec chaque résultat
Percentile par nombre de réponses
Votre historique - résultats
Vous n’avez pas pris ce quiz